| 000 | 00408nam a2200145 i 4500 | ||
|---|---|---|---|
| 001 | 70318 | ||
| 003 | ES-MaACL | ||
| 005 | 20230906170803.0 | ||
| 007 | t| | ||
| 008 | 040721s1907 sp ||||1| spa d | ||
| 100 | 1 |
_aGarcía Romero, Julio. _955221 |
|
| 245 | 1 | 0 |
_aCorrientes soleinodales y fisiología dinámica / _cJulio García Romero. |
| 260 |
_aCáceres : _b[s.n., _c1907] |
||
| 852 |
_aES-MaACL _jT-1166-F-2 |
||
| 999 |
_c70318 _d70318 |
||